ბათუმის შოთა რუსთაველის სახელმწიფო უნივერსიტეტის ბიბლიოთეკა

როცა წიგნი ხალხებს აახლოებს (ბიბ.ჩანაწერი № 49783)

000 -LEADER
fixed length control field 00899nam a2200229Ia 4500
001 - CONTROL NUMBER
control field 16718
003 - CONTROL NUMBER IDENTIFIER
control field GE_BSU
008 - FIXED-LENGTH DATA ELEMENTS--GENERAL INFORMATION
fixed length control field 181216s||||||||xx |||||||||||||| ||und||
040 ## - CATALOGING SOURCE
Transcribing agency GE_BSU
080 ## - UNIVERSAL DECIMAL CLASSIFICATION NUMBER
Universal Decimal Classification number 821.161.1.092
100 ## - MAIN ENTRY--PERSONAL NAME
Personal name ზლატკინი, მ.
245 ## - TITLE STATEMENT
Title როცა წიგნი ხალხებს აახლოებს
245 ## - TITLE STATEMENT
Remainder of title ეპისტოლარული წერილები
245 ## - TITLE STATEMENT
Statement of responsibility, etc. გ. მარგველაშვილის წინასიტყვ.
260 ## - PUBLICATION, DISTRIBUTION, ETC.
Place of publication, distribution, etc. თბილისი
260 ## - PUBLICATION, DISTRIBUTION, ETC.
Name of publisher, distributor, etc. მერანი
260 ## - PUBLICATION, DISTRIBUTION, ETC.
Date of publication, distribution, etc. 1975
300 ## - PHYSICAL DESCRIPTION
Extent 242გვ. : 20 ფ. ილ. ; 21სმ.
653 ## - INDEX TERM--UNCONTROLLED
Uncontrolled term როცა წიგნი ხალხებს აახლოებს
653 ## - INDEX TERM--UNCONTROLLED
Uncontrolled term რუსულ-ქართული ლიტერატურული ურთიერთობები;
942 ## - ADDED ENTRY ELEMENTS (KOHA)
Koha item type წიგნი
ეგზემპლარები
Withdrawn status Lost status Damaged status Not for loan Date acquired Barcode Date last seen Price effective from Koha item type
        2018-12-17 21275 2018-12-17 2018-12-17 წიგნი